000 00610nam a22001817a 4500
999 _c187082
_d187082
005 20220406115050.0
010 _aENG-132175
020 _a9788178246536
_c795.00
035 _aEN-115707
037 _bDBAD/PUB
082 _a954.165
100 _aChophy,G.Kanato
245 _aChristianity And Politics In Tribal India:
_bBaptist Missionaries and Naga Nationalism/
_cG.kanato Chophy
260 _aRanikhet Cantt
_bPermanent Black
_c2022
270 _aHimalayana Mall Road, Ranikhet Cantt,
_mperblack@gmail.com
_e263645
300 _aix,460p.
_c21cm(pbk)
942 _2ddc
_cEN
_mCHO
_h954.165